| 000 | 00804nam a2200241 a 4500 | ||
|---|---|---|---|
| 999 |
_c10589 _d10589 |
||
| 001 | 10589 | ||
| 003 | BD-JhCC | ||
| 005 | 20180724101623.0 | ||
| 008 | 180724s20171969bg |||| |||| 000 0 ben d | ||
| 020 | _a984460005007 | ||
| 035 | _a(BD-JhCC)10589 | ||
| 040 |
_aBD-JhCC _dBD-JhCC |
||
| 041 | _aben | ||
| 082 |
_a891.4415 _bANW 2017 |
||
| 100 | _aআনোয়ার, রিয়াজ | ||
| 245 |
_aপদ্মা নদীর দেশে / _cরিয়াজ আনোয়ার, জসীম উদ্দীন (অনূদিত) |
||
| 260 |
_aঢাকা : _bপলাশ, _c২০১৭. |
||
| 300 |
_a৭৭ পৃ. : _c১৯ সেমি. |
||
| 650 | _aবাংলা কবিতা | ||
| 650 | _aBengali poem | ||
| 700 | _aউদ্দীন, জসীম | ||
| 942 |
_2ddc _cBK |
||